| 000 | 00407nam a2200121Ia 4500 | ||
|---|---|---|---|
| 008 | 170224s9999 xx 000 0 und d | ||
| 245 | _aIs group membership necessary for understanding generalized prejudice? A re-evaluation of why prejudices are interrelated. | ||
| 260 | _bJournal of Personality and Social Psychology | ||
| 260 | _c2016 | ||
| 300 | _a111:3 | ||
| 500 | _aSeptember | ||
| 650 | _xPsychology. | ||
| 999 |
_c316543 _d316543 |
||